<?xml version="1.0" encoding="UTF-8"?>
<record
    xmlns:xsi="http://www.w3.org/2001/XMLSchema-instance"
    xsi:schemaLocation="http://www.loc.gov/MARC21/slim http://www.loc.gov/standards/marcxml/schema/MARC21slim.xsd"
    xmlns="http://www.loc.gov/MARC21/slim">

  <leader>01115nam a2200241 i 4500</leader>
  <controlfield tag="001">188628</controlfield>
  <controlfield tag="003">SpMaBN</controlfield>
  <controlfield tag="005">20251014063304.0</controlfield>
  <controlfield tag="008">190115s1996    fr           |||| |dfre d</controlfield>
  <datafield tag="020" ind1=" " ind2=" ">
    <subfield code="a">978-2-7295-8772-7</subfield>
  </datafield>
  <datafield tag="080" ind1=" " ind2=" ">
    <subfield code="a">1 Vanini, Giulio Cesare (043.2)</subfield>
  </datafield>
  <datafield tag="100" ind1="1" ind2=" ">
    <subfield code="a">Caballero, Marcial, </subfield>
    <subfield code="d">1948-</subfield>
    <subfield code="9">165969</subfield>
  </datafield>
  <datafield tag="245" ind1="1" ind2="0">
    <subfield code="a">J.C. Vanini </subfield>
    <subfield code="b">: averro&#xEF;sme de Padoue et pens&#xE9;e libertine (une philosophine de la crise &#xE0; l'&#xE2;ge baroque) / </subfield>
    <subfield code="c">th&#xE8;se de doctorat nouveau r&#xE9;gime pr&#xE9;sent&#xE9;e par Marcial Caballero sous la direction de M. Pierre Magnard.</subfield>
  </datafield>
  <datafield tag="260" ind1=" " ind2=" ">
    <subfield code="a">Villeneuve d'Ascq Cedex : </subfield>
    <subfield code="b">Atelier National de Reproduction des Th&#xE8;ses,</subfield>
    <subfield code="c">1996.</subfield>
  </datafield>
  <datafield tag="300" ind1=" " ind2=" ">
    <subfield code="a">408 p. ; </subfield>
    <subfield code="c">24 cm.</subfield>
  </datafield>
  <datafield tag="502" ind1=" " ind2=" ">
    <subfield code="a">Tesis--Universit&#xE9; de Paris IV-Sorbonne, 1996.</subfield>
  </datafield>
  <datafield tag="504" ind1=" " ind2=" ">
    <subfield code="a">Bibliograf&#xED;a: p. [351]-408.</subfield>
  </datafield>
  <datafield tag="600" ind1="1" ind2="7">
    <subfield code="a">Vanini, Giulio Cesare, </subfield>
    <subfield code="d">1585-1619</subfield>
    <subfield code="2"></subfield>
    <subfield code="9">165970</subfield>
  </datafield>
  <datafield tag="852" ind1=" " ind2=" ">
    <subfield code="a">ES-MaACL</subfield>
    <subfield code="j">A-14300 </subfield>
    <subfield code="9">195759</subfield>
    <subfield code="b">R.151547</subfield>
    <subfield code="c">DEPO1</subfield>
    <subfield code="d">Olim: N-14300</subfield>
    <subfield code="g">Dedicatoria aut&#xF3;grafa del autor</subfield>
    <subfield code="h">Donaci&#xF3;n: Marcial Caballero</subfield>
  </datafield>
  <datafield tag="903" ind1=" " ind2=" ">
    <subfield code="a">Caballero, Marcial, </subfield>
    <subfield code="d">1948-</subfield>
    <subfield code="e">dnr</subfield>
    <subfield code="9">165969</subfield>
  </datafield>
  <datafield tag="942" ind1=" " ind2=" ">
    <subfield code="2">udc</subfield>
    <subfield code="c">MONOGRAFIA</subfield>
  </datafield>
  <datafield tag="999" ind1=" " ind2=" ">
    <subfield code="c">188628</subfield>
    <subfield code="d">188628</subfield>
  </datafield>
  <datafield tag="952" ind1=" " ind2=" ">
    <subfield code="0">0</subfield>
    <subfield code="1">0</subfield>
    <subfield code="2">udc</subfield>
    <subfield code="4">0</subfield>
    <subfield code="7">0</subfield>
    <subfield code="8">Librosdedicados</subfield>
    <subfield code="a">ATENEOM</subfield>
    <subfield code="b">ATENEOM</subfield>
    <subfield code="c">DEPO1</subfield>
    <subfield code="d">2019-01-15</subfield>
    <subfield code="e">DONACION</subfield>
    <subfield code="l">0</subfield>
    <subfield code="o">A-14300</subfield>
    <subfield code="p">1199623</subfield>
    <subfield code="r">2023-02-23 00:00:00</subfield>
    <subfield code="w">2023-02-23</subfield>
    <subfield code="y">MONOGRAFIA</subfield>
    <subfield code="z">Dedicatoria aut&#xF3;grafa del autor</subfield>
  </datafield>
</record>
